Rulers of England since 1000 AD - Statistics

General Stats
  • This quiz has been taken 133 times
  • The average score is 33 of 48
Answer Stats
Time Period Ruler % Correct
1558-1603 Elizabeth I
91%
1413-1422 Henry V
89%
1422-1461 Henry VI
89%
1485-1509 Henry VII
89%
1509-1547 Henry VIII
89%
1100-1135 Henry I
88%
1154-1189 Henry II
88%
1216-1272 Henry III
88%
1952- Elizabeth II
87%
1714-1727 George I
87%
1399-1413 Henry IV
87%
1727-1760 George II
86%
1760-1820 George III
86%
1272-1307 Edward I
85%
1307-1327 Edward II
84%
1820-1830 George IV
84%
1910-1936 George V
84%
1327-1377 Edward III
82%
1483-1483 Edward V
82%
1547-1553 Edward VI
82%
1936-1952 George VI
81%
1087-1100 William II
81%
1461-1483 Edward IV
80%
1901-1910 Edward VII
80%
1837-1901 Victoria
79%
1603-1625 James I
78%
1553-1558 Mary I
78%
1936-1936 Edward VIII
77%
1625-1649 Charles I
76%
1685-1688 James II
76%
1660-1685 Charles II
75%
1199-1216 John
74%
1689-(1694, 1702) Mary II, William III
73%
1189-1199 Richard I
71%
1377-1399 Richard II
70%
1483-1485 Richard III
69%
1830-1837 William IV
67%
1702-1714 Anne
60%
1066-1087 William The Conqueror
50%
1653-1658 Oliver Cromwell
44%
1035-1040 Harold I
30%
1658-1659 Richard Cromwell
25%
1042-1066 Edward The Confessor
23%
1066-1066 Harold Godwinson
23%
1016-1035 Cnut The Great
15%
1016-1016 Edmund II
10%
1135-1154 Stephen of Blois
10%
1040-1042 Harthacanute
4%
No matching quizzes found
Score Distribution
Percent of People with Each Score
Percentile by Number Answered
Your Score History
You have not taken this quiz